Central Library, Doon University
WEBOPAC (ONLINE PUBLIC ACCESS CATALOGUE)

Handbook of Indian Demography (Record no. 60378)

MARC details
000 -LEADER
fixed length control field 00433nam a22001817a 4500
005 - DATE & TIME
control field 20260218132100.0
008 - FIXED-LENGTH DATA ELEMENTS--GENERAL INFORMATION
fixed length control field 260218b |||||||| |||| 00| 0 eng d
020 ## - ISBN
International Standard Book Number 9788131612514
Price 2595.00
040 ## - CATALOGING SOURCE
Original cataloging agency Doon University
041 ## - Language
Language English
082 ## - DDC NUMBER
Classification number 304.60954
Book Number SIN
100 ## - MAIN ENTRY--PERSONAL NAME
Personal name Singh, J.P
245 ## - TITLE STATEMENT
Title Handbook of Indian Demography
260 ## - PUBLICATION, DISTRIBUTION, ETC. (IMPRINT)
Place of publication, distribution, etc Jaipur
Name of publisher, distributor, etc Rawat
Date of publication, distribution, etc 2022
300 ## - PHYSICAL DESCRIPTION
Pages 665
650 ## - Subject
Subject Geography
942 ## - ADDED ENTRY ELEMENTS (KOHA)
Koha item type Books
100 ## - MAIN ENTRY--PERSONAL NAME
-- 24654
952 ## - LOCATION AND ITEM INFORMATION (KOHA)
-- 2026-02-18
952 ## - LOCATION AND ITEM INFORMATION (KOHA)
-- 2026-02-18
Holdings
Withdrawn status Lost status Source of classification or shelving scheme Damaged status Not for loan Location (home branch) Sublocation or collection (holding branch) Date acquired Koha full call number Accession No. Koha date last seen Koha item type Koha issues (times borrowed)
        Not For Loan Doon University Doon University 18.02.2026 304.60954 SIN 52811 18.02.2026 Reference  
          Doon University Doon University 18.02.2026 304.60954 SIN 52812 18.02.2026 Books  
Contact : +91-135-2533126 (Library),+91-135-2533105 (Admin Office) , Email : doonlibrary@gmail.com

Powered by Koha